Score 0/12 Timer 06:00
4 Plays Today
% Correct
Chuck Wagon
'Chase the Chuckwagon'
92%
Life Cereal
'Mikey likes it'
89.3%
Mr. Bubble
'Take a bath with Mr. Bubble'
89.1%
Tootsie Pop
'The world may never know'
87.7%
Coca-Cola
'I'd like to buy the world a Coke'
84.7%
Oscar Mayer
'My bologna has a first name'
82.9%
Xerox
'Brother Dominic'
82.7%
Alka-Seltzer
'I can't believe I ate the whole thing'
82.4%
Wisk
'Ring around the collar'
76.9%
Palmolive
'You're soaking in it'
72.1%
Charmin
'Please don't squeeze the Charmin'
71.3%
Bounty
'The quicker picker-upper'
60.4%
Remove Ads.
Support Sporcle.
Get the best of Sporcle when you Go Orange. This ad-free experience offers more features, more stats, and more fun while also helping to support Sporcle. Thank you for becoming a member.

You're not logged in!

Compare scores with friends on all Sporcle quizzes.
OR
Log In

Show Comments

Extras

Top Quizzes Today


Score Distribution

Your Account Isn't Verified!

In order to create a playlist on Sporcle, you need to verify the email address you used during registration. Go to your Sporcle Settings to finish the process.

Report this User

Report this user for behavior that violates our Community Guidelines.

Details: